[Event "Solina Mind Sports U14 Girls op "]
[Site "Solina"]
[Date "2012.04.21"]
[Round "9"]
[White "Skorupa, Oliwia"]
[Black "Bebnik, Malgorzata"]
[Result "0-1"]
[WhiteElo "1340"]
[BlackElo "1378"]
[PlyCount "120"]
[EventDate "2012.04.15"]
[EventType "swiss"]
[EventRounds "9"]
[EventCountry "POL"]
[SourceTitle "EXT 2014"]
[Source "ChessBase"]
[SourceDate "2013.11.20"]
[SourceVersion "1"]
[SourceVersionDate "2013.11.20"]
[SourceQuality "1"]

1. e4 e5 2. Nf3 Nc6 3. Bc4 Bc5 4. 0-0 Nf6 5. d4 Bxd4 6. Nxd4 Nxd4 7. f4 d6 8. fxe5 dxe5 9. Bg5 Be6 10. Na3 a6 11. Bxf6 gxf6 12. c3 b5 13. Bxe6 Nxe6 14. Qxd8+ Rxd8 15. Rxf6 Ke7 16. Raf1 Rhf8 17. b4 Rd3 18. R6f3 Rxf3 19. Rxf3 Ng5 20. Re3 Rd8 21. Kf1 Rd2 22. Re2 Rxe2 23. Kxe2 Nxe4 24. Nb1 Ke6 25. h3 h5 26. a3 f5 27. Kf3 Kd5 28. Ke3 Nd6 29. Nd2 Nc4+ 30. Nxc4 Kxc4 31. Kd2 c5 32. bxc5 Kxc5 33. Kd3 Kd5 34. g3 Kc5 35. Ke3 Kc4 36. Kd2 e4 37. Ke3 Kxc3 38. Kf4 Kd2 39. Kxf5 e3 40. g4 hxg4 41. hxg4 e2 42. g5 e1Q 43. Kg6 Qe7 44. Kh6 Qxa3 45. g6 Qd6 46. Kh7 Qxg6+ 47. Kxg6 b4 48. Kf5 b3 49. Ke5 b2 50. Kd5 b1Q 51. Ke5 Qb4 52. Kd5 Kd3 53. Ke5 Qe4+ 54. Kd6 Qf5 55. Kc7 Qe6 56. Kb8 Qd7 57. Ka8 Kc4 58. Kb8 Kb5 59. Ka8 Kb6 60. Kb8 Qd8# 0-1